| 000 | 01973nam a22001577a 4500 | ||
|---|---|---|---|
| 041 | _aukr | ||
| 080 | _a09 | ||
| 090 | _bМАЦ | ||
| 100 | _aМацьківська Л.А. | ||
| 245 | _aВербалізація концептосфери "фемінізм" в сучасній англійській мові | ||
| 260 |
_aОстрог _bКАФ _c2010 |
||
| 300 | _a86 | ||
| 520 |
_aВСТУП
РОЗДІЛ 1 ЗАСТОСУВАННЯ КОНЦЕПЦІЇ ГЕНДЕРУ У ДИСКУРСІ. СУЧАСНІ ГЕНДЕРНІ ДОСЛІДЖЕННЯ
1.1 Лінгвістична концепція гендеру як конструкту дискурсу.
1.2 Співвідношення понять "sex"і "gender".
1.3 Гендерні дослідження в лінгвістичних дисциплінах.
1.3.1 Андроцентризм у мові.
РОЗДІЛ 2 ФЕМІНІЗМ. ОСОБЛИВОСТІ ФЕМІНІСТСЬКОГО ДИСКУРСУ
2.1 Гендерні стереотипи в суспільній свідомості.
2.1.1 Діахронічне дослідження та співставлення гендерних стереотипів.
2.2 Формування та основні напрями лінгвістичної гендерології.
2.3 Мовний сексизм як одне з ключових понять феміністської лінгвістики. Дослідження шляхів подолання сексизму.
РОЗДІЛ 3 ФЕМІНІСТИЧНІ НЕОЛОГІЗМИ
3.1 Політично коректна мова як аспект феміністичного словотвору.
3.2 Феміністичні неологізми. Внутрішній та зовнійшній вектори феміністичного лексикону.
ВИСНОВКИ _0концепція гендеру в дискурсі, фемінізм |
||
| 650 | _aResearch Papers | ||
| 999 |
_c284282 _d284282 |
||
| 942 | _cBK | ||